[Event "BRA-ch sf"]
[Site "Vitoria"]
[Date "2003.09.07"]
[Round "6"]
[White "Bevilaqua, Raphael LP"]
[Black "Caporale, Giuseppe Guido"]
[Result "0-1"]
[WhiteElo "1773"]
[BlackElo "1862"]
[PlyCount "94"]
[EventDate "2003.09.??"]
[EventType "swiss"]
[EventRounds "7"]
[EventCountry "BRA"]
[SourceTitle "EXT 2006"]
[Source "ChessBase"]
[SourceDate "2005.11.24"]
[SourceVersion "1"]
[SourceVersionDate "2005.11.24"]
[SourceQuality "1"]

1. e4 c5 2. Nf3 Nf6 3. Nc3 d5 4. exd5 Nxd5 5. Bb5+ Bd7 6. Bxd7+ Qxd7 7. Nxd5 Qxd5 8. 0-0 Nc6 9. d3 Nd4 10. Ng5 h6 11. Ne4 e6 12. Be3 Be7 13. c3 Nc6 14. Qc2 b6 15. Rfd1 f5 16. Ng3 g5 17. Ne2 Bd6 18. f3 Qe5 19. Kf2 Qf6 20. d4 0-0 21. dxc5 Bxc5 22. Bxc5 bxc5 23. Rd6 Ne5 24. Rad1 Rae8 25. Nc1 c4 26. Ne2 Nd3+ 27. Kf1 Qe5 28. Rc6 Rc8 29. Rxc8 Rxc8 30. Nc1 Nxc1 31. Qxc1 Qxh2 32. Qd2 Re8 33. Qd7 Qh5 34. Rd6 Qf7 35. Qc6 g4 36. Qxc4 gxf3 37. gxf3 Re7 38. Qh4 Kh7 39. c4 Rc7 40. Qd8 Kg6 41. b3 Kh5 42. Rxe6 Rd7 43. Qe8 Qxe8 44. Rxe8 Kg5 45. Kf2 Kf4 46. c5 Rd3 47. Re3 Rxe3 0-1

[Event "BRA-ch sf"]
[Site "Vitoria"]
[Date "2003.09.05"]
[Round "3"]
[White "Bevilaqua, Raphael LP"]
[Black "Oliveira, Alberty Rogher"]
[Result "1-0"]
[WhiteElo "1773"]
[BlackElo "1824"]
[PlyCount "61"]
[EventDate "2003.09.??"]
[EventType "swiss"]
[EventRounds "7"]
[EventCountry "BRA"]
[SourceTitle "EXT 2006"]
[Source "ChessBase"]
[SourceDate "2005.11.24"]
[SourceVersion "1"]
[SourceVersionDate "2005.11.24"]
[SourceQuality "1"]

1. e4 c6 2. d4 d5 3. Nc3 dxe4 4. Nxe4 Nf6 5. Nxf6+ exf6 6. Nf3 Bd6 7. Be2 Na6 8. 0-0 Nc7 9. c4 b6 10. Re1 0-0 11. Bd2 Bg4 12. Nh4 Bxe2 13. Qxe2 Re8 14. Qg4 h5 15. Qxh5 Rxe1+ 16. Rxe1 Qd7 17. Bc3 a5 18. Nf3 Re8 19. Rxe8+ Qxe8 20. Qg4 Qe6 21. Qxe6 fxe6 22. Kf1 Kf7 23. Ke2 c5 24. h3 Na6 25. a3 Nb8 26. Kd3 Nc6 27. d5 exd5 28. cxd5 Ne7 29. Kc4 Bc7 30. Nd2 f5 31. Nf3 1-0

[Event "BRA-ch U20"]
[Site "Florianopolis"]
[Date "2003.05.18"]
[Round "7"]
[White "Florianovitz, Derlei Alex"]
[Black "Bevilaqua, Raphael LP"]
[Result "1-0"]
[WhiteElo "1900"]
[BlackElo "1800"]
[PlyCount "61"]
[EventDate "2003.05.??"]
[EventType "swiss"]
[EventRounds "7"]
[EventCountry "BRA"]
[SourceTitle "EXT 2006"]
[Source "ChessBase"]
[SourceDate "2005.11.24"]
[SourceVersion "1"]
[SourceVersionDate "2005.11.24"]
[SourceQuality "1"]

1. e4 e6 2. d4 d5 3. Nc3 dxe4 4. Nxe4 Nd7 5. Bc4 Ngf6 6. Bg5 Be7 7. Nxf6+ Nxf6 8. Nf3 c5 9. 0-0 cxd4 10. Nxd4 0-0 11. c3 a6 12. Bd3 Qc7 13. Bc2 g6 14. Re1 b6 15. Qf3 Bb7 16. Qh3 Nd5 17. Bh6 Rfe8 18. Qg4 Bf8 19. Bxf8 Kxf8 20. g3 Rad8 21. h4 Qd7 22. Qg5 Kg7 23. Rad1 h6 24. Qe5+ Kg8 25. c4 f6 26. Qe2 Ne7 27. Qxe6+ Qxe6 28. Rxe6 Kf7 29. Rxb6 Ba8 30. Bb3 Kg7 31. Ne6+ 1-0

[Event "BRA-ch U20"]
[Site "Florianopolis"]
[Date "2003.05.17"]
[Round "5"]
[White "Bevilaqua, Raphael LP"]
[Black "Oestreich, Alexandre"]
[Result "1-0"]
[WhiteElo "1800"]
[BlackElo "1672"]
[PlyCount "57"]
[EventDate "2003.05.??"]
[EventType "swiss"]
[EventRounds "7"]
[EventCountry "BRA"]
[SourceTitle "EXT 2006"]
[Source "ChessBase"]
[SourceDate "2005.11.24"]
[SourceVersion "1"]
[SourceVersionDate "2005.11.24"]
[SourceQuality "1"]

1. e4 c5 2. Nf3 Nc6 3. d4 cxd4 4. Nxd4 d5 5. Bb5 dxe4 6. Nxc6 Qxd1+ 7. Kxd1 a6 8. Nd4+ axb5 9. Nxb5 Ra5 10. N1c3 e6 11. a3 Bd7 12. Nd4 Bc5 13. Nb3 Ra6 14. Nxc5 Rd6+ 15. Ke2 Nf6 16. Nxd7 Rxd7 17. Bg5 Ng4 18. h3 Ne5 19. Rhd1 Rxd1 20. Rxd1 f6 21. Bc1 Kf7 22. Nxe4 Kg6 23. f4 Nc6 24. Rd7 e5 25. g3 Re8 26. Kd3 exf4 27. Bxf4 f5 28. Nc5 b6 29. Rd6+ 1-0

[Event "BRA-ch U20"]
[Site "Florianopolis"]
[Date "2003.05.15"]
[Round "1"]
[White "Godoy, Jose Rui"]
[Black "Bevilaqua, Raphael LP"]
[Result "1-0"]
[WhiteElo "1958"]
[BlackElo "1800"]
[PlyCount "80"]
[EventDate "2003.05.??"]
[EventType "swiss"]
[EventRounds "7"]
[EventCountry "BRA"]
[SourceTitle "EXT 2006"]
[Source "ChessBase"]
[SourceDate "2005.11.24"]
[SourceVersion "1"]
[SourceVersionDate "2005.11.24"]
[SourceQuality "1"]

1. e4 e6 2. d4 d5 3. Nc3 dxe4 4. Nxe4 Nd7 5. Nf3 Ngf6 6. Bg5 Be7 7. Ng3 h6 8. Bd2 b6 9. Bb5 Bb7 10. Qe2 a6 11. Bc4 c5 12. Ne5 Nd5 13. c3 b5 14. Bb3 cxd4 15. cxd4 N7f6 16. 0-0 0-0 17. Rfe1 Qb6 18. Rad1 Rac8 19. Bc1 Bb4 20. Rf1 a5 21. a3 a4 22. Bxd5 Nxd5 23. axb4 Rxc1 24. Rxc1 Nf4 25. Qd2 Nxg2 26. f3 Nh4 27. Qe3 Qd8 28. Rc5 Qa8 29. Qf4 Ng6 30. Qg4 Nxe5 31. Rxe5 Qa7 32. Rc5 Re8 33. Ne2 Bd5 34. Rf2 Bc4 35. Rg2 g5 36. Qh5 Kg7 37. Rcxg5+ Kf6 38. Qxh6+ Ke7 39. Rc5 Bxe2 40. Qh4+ f6 1-0